Regional outlook : Southeast Asia 1994-1995

Bibliographic Details
Format: Book
Published: Singapore : Institute of Southeast Asian Studies , 1994
Subjects:

MARC

LEADER 00000cam a2200000 7i4500
001 0000004083
002 000004395
005 20000330.0
020 |a 9813016736 
090 0 0 |a 338.9   |b REG 
245 0 0 |a Regional outlook :   |b Southeast Asia 1994-1995 
260 |a Singapore :   |b Institute of Southeast Asian Studies ,   |c 1994 
300 |a 85p. :   |b ill ;   |c 28cm. 
650 0 0 |a Asia, Southeastern   |x Economic development 
999 |a 037282   |b BUKU   |c PINJAMAN   |e PERPUSTAKAAN KOMUNITI PETALING JAYA